| 000 | 00446cam a2200169ua 4500 | ||
|---|---|---|---|
| 001 | 6159 | ||
| 008 | 131119n ii |||gr||||Z||||||eng | ||
| 040 | _cMAIN | ||
| 082 | _a657 | ||
| 245 | 1 | 1 |
_aIntroduction To Accountancy _cBy S.N. Maheswari |
| 260 |
_aNew Delhi: _bVikas Publishing House PVT LTD, _c1984. |
||
| 300 | _axv,866p. | ||
| 653 | _aCommerce | ||
| 653 | _aIntroduction to Accountancy | ||
| 700 | 1 |
_aMaheswari,S.N., _eAuthor. |
|
| 942 | _cBK | ||
| 999 |
_c5311 _d5311 |
||